Pays sans consonne - Statistiques

Statistiques générales
  • Ce quiz a été pris 127 fois
  • Le résultat moyen est 10 sur 16
Statistiques - réponses
Pays Réponse % Correct
E_a__-U_i_ Etats-Unis
93%
A_a_ie _aou_i_e Arabie Saoudite
87%
_a_a_a Canada
86%
_i_ye Libye
86%
Ou_a__a Ouganda
84%
U__ai_e Ukraine
78%
_a_i Mali
71%
_ua_e_a_a Guatemala
69%
__è_e Grèce
61%
_u_a_u Tuvalu
55%
_o_o__ie Colombie
53%
_u___é_i__a_ Turkménistan
42%
_o_i_i_ue Dominique
41%
__a__e France
39%
_ie__a_ Vietnam
35%
_u_i_a_e Suriname
26%
Aucun quiz correspondant
Distribution des résultats
% des personnes avec chaque résultat
Percentile par nombre de réponses
Votre historique - résultats
Vous n’avez pas pris ce quiz